000 00304nam a22001337a 4500
008 170612b xxu||||| |||| 00| 0 eng d
020 _a9781568027715
041 _aeng
080 _a327
100 _a19
101 _aSHP
245 _aPRINCIPLES INTERNATIONAL POLITICS
_cBUENO.B
942 _2udc
_cBK
999 _c16936
_d16936